书目信息 |
| 题名: |
日本企业经营管理研究
|
|
| 作者: | 米建国 著 | |
| 分册: | ||
| 出版信息: | 北京 经济管理出版社 1990 |
|
| 页数: | 220页 | |
| 开本: | 19cm | |
| 丛书名: | ||
| 单 册: | ||
| 中图分类: | F279.313.3 | |
| 科图分类: | ||
| 主题词: | 企业管理--日本 | |
| 电子资源: | ||
| ISBN: | 7-80025-399-6 | |
| 000 | 00586nam0 2200205 45 | |
| 001 | 0197013540 | |
| 005 | 20050404113501.4 | |
| 010 | @a7-80025-399-6@dCNY3.50 | |
| 100 | @a19970423d1990 emky0chiy0121 ea | |
| 101 | 0 | @achi |
| 102 | @aCN@b110000 | |
| 105 | @ay z 000yy | |
| 200 | 10 | @a日本企业经营管理研究@Ari ben qi ye jing ying guan li yan jiu@f米建国著@FMi Jian Guo Zhu |
| 210 | @a北京@c经济管理出版社@d1990 | |
| 215 | @a220页@d19cm | |
| 606 | @a企业管理@y日本 | |
| 690 | @aF279.313.3@v3 | |
| 701 | 0 | @a米建国@4著 |
| 801 | 0 | @aCN@bNLC@c19970623 |
| 905 | @dF279.313.3@e76@f1@b224784 | |
| 日本企业经营管理研究/米建国著.-北京:经济管理出版社,1990 |
| 220页;19cm |
| ISBN 7-80025-399-6:CNY3.50 |
| ● |
| 相关链接 |
|
|
|
|
正题名:日本企业经营管理研究
索取号:F279.313.3/76
 
预约/预借
| 序号 | 登录号 | 条形码 | 馆藏地/架位号 | 状态 | 备注 |
| 1 | 0224781 | 000211531 | 密集书库/ [索取号:F279.313.3/76] | 在馆 | |
| 2 | 0224782 | 000211577 | 密集书库/ [索取号:F279.313.3/76] | 在馆 | |
| 3 | 0224783 | 001270396 | 第一借阅区/ [索取号:F279.313.3/76] | 在馆 | |
| 4 | 0224784 | 002006082 | 密集书库/ [索取号:F279.313.3/76] | 在馆 | |
| 5 | 0224785 | 001270403 | 第一样本阅览室/ [索取号:F279.313.3/76] | 在馆 |